000 01335cpcaa2200313 a 4500
001 mm 99006431
003 DLC
005 20260227111727.0
008 991116|||||||||||| eng
010 _amm 99006431
040 _aDLC
_cDLC
_edacs
_dDLC
072 7 _aS
_2lcmd
100 1 _aSpock, Benjamin,
_d1903-1998.
245 0 0 _aBenjamin Spock correspondence and photograph,
_f1966.
300 _a2
_fitems.
506 0 _aOpen to research.
520 8 _aTLS (10 October 1966; Cleveland, Ohio) from Spock to Mrs. G. Stock, Baltimore, Md., regarding Spock's publisher's refusal to use a picture of a number of children, including an African American child, for the cover of a planned 1967 edition of Spock's book, Baby and Child Care. Includes an undated photograph of Spock.
545 0 _aPediatrician and author.
546 _aCollection material in English.
580 _aForms part of: Miscellaneous Manuscripts collection.
600 1 0 _aStock, G.,
_cMrs.
_vCorrespondence.
650 0 _aAfrican American children.
650 0 _aChild psychology.
650 0 _aPublishers and publishing.
656 7 _aAuthors.
_2itoamc
656 7 _aPhysicians.
_2itoamc
999 _c44526
_d44526